Biggest Cities that end in D with a Map - Statistics

General Stats
  • This quiz has been taken 323 times
  • The average score is 12 of 19
Answers on the Map
Answers color-coded by a green-red scale on the quiz's map according to % correct below.
 
Answer Stats
Population City % Correct
6.70m Madrid
98%
7.15m Baghdad
94%
2.45m Portland
92%
10.4m Hyderabad
85%
2.33m Hyderabad
85%
1.49m Auckland
82%
8.75m Ahmedabad
81%
3.05m Cleveland
81%
1.08m Richmond
68%
1.57m Sheffield
67%
1.40m Volgograd
61%
1.69m Hartford
60%
3.25m Mashhad
56%
3.75m Faisalabad
54%
1.73m Nizhny Novgorod
52%
1.49m Allahabad
23%
1.85m Aurangabad
18%
1.40m Dhanbad
14%
1.30m Moradabad
12%
No matching quizzes found
Score Distribution
Percent of People with Each Score
Percentile by Number Answered
Your Score History
You have not taken this quiz